[Event "Montserrat op"]
[Site "Montserrat"]
[Date "2022.09.04"]
[Round "9"]
[White "Ramirez Aucejo, Hector"]
[Black "Nieto Fresneda, Juan"]
[Result "0-1"]
[WhiteElo "1728"]
[BlackElo "1653"]
[PlyCount "50"]
[EventDate "2022.08.29"]
[EventType "swiss"]
[EventRounds "9"]
[EventCountry "ESP"]
[SourceTitle "CBM 210 Extra"]
[Source "ChessBase"]
[SourceDate "2022.11.30"]
[SourceVersion "1"]
[SourceVersionDate "2022.11.30"]
[SourceQuality "1"]

1. e4 e5 2. Nf3 Nc6 3. d4 exd4 4. Nxd4 Nf6 5. Nxc6 bxc6 6. Qe2 Be7 7. e5 Nd5 8. c4 Nb6 9. Qc2 0-0 10. Bd3 h6 11. 0-0 d6 12. Bf4 c5 13. Be4 Rb8 14. b3 dxe5 15. Rd1 Bd6 16. Bxe5 Qe7 17. Bb2 Re8 18. Nd2 Be5 19. Bxe5 Qxe5 20. Re1 Kh8 21. Nf3 Qf6 22. h3 Bd7 23. Nh2 Re7 24. Bf3 Rbe8 25. Rxe7 Qxa1+ 0-1